| 000 | 00830nam a2200205 i 4500 | ||
|---|---|---|---|
| 001 | 151639 | ||
| 003 | ES-MaACL | ||
| 005 | 20230906204315.0 | ||
| 008 | 931025s1883 fr f |||| | fre d | ||
| 100 | 1 |
_aLubbock, John _cSir ( _d1834-1913) _974494 |
|
| 245 | 1 | 0 |
_aFourmis, abeilles et guêpes _b: études expérimentales sur l'organisation et les moeurs des sociétés d'insectes hyménoptères / _cpar John Lubbock. |
| 260 |
_aParis : _bGermer Baillière et Cie., _c1883. |
||
| 300 |
_a2 v. : _bil. ; _c22 cm. |
||
| 490 | 1 |
_aBibliothèque scientifique internationale ; _v45-46 |
|
| 650 | 4 |
_aHimenópteros. _9142313 |
|
| 830 | 0 |
_aBibliothèque scientifique internationale ; _v45-46 _9186949 |
|
| 852 |
_aES-MaACL _jF-14374-75 _z-- Enc. editorial en tela con letras doradas |
||
| 999 |
_c151639 _d151639 |
||